Análisis del problema del empleo /
Tallennettuna:
| Yhteisötekijät: | , |
|---|---|
| Aineistotyyppi: | Tuntematon |
| Julkaistu: |
Panamá :
|
| Aiheet: | |
| Tagit: |
Lisää tagi
Ei tageja, Lisää ensimmäinen tagi!
|
MARC
| LEADER | 00000 a2200000 04500 | ||
|---|---|---|---|
| 001 | 10385 | ||
| 003 | |||
| 008 | 991231s d | ||
| 040 | |||
| 090 | |a 136102 | ||
| 110 | |a OIT. PREALC | ||
| 245 | |a Análisis del problema del empleo / |c OIT. PREALC | ||
| 260 | |a Panamá : | ||
| 300 | |a vi, 122 p. | ||
| 500 | |a Extracto de OIT. PREALC: Empleo y salarios, Santiago: PREALC, 1983, pp. 1-15 | ||
| 650 | |a ECONOMIA | ||
| 650 | |a CRISIS | ||
| 650 | |a POLITICA ECONOMICA | ||
| 650 | |a CRECIMIENTO ECONOMICO | ||
| 650 | |a MERCADO DE TRABAJO | ||
| 650 | |a INGRESO | ||
| 650 | |a CRECIMIENTO ECONOMICO | ||
| 710 | |a Naciones Unidas. Programa de las Naciones Unidas para el Desarrollo | ||
| 999 | |c 13823 |d 13823 | ||
